02004nam a2200361 a 4500001001000000003000900010005001700019008004100036020001500077040002500092082001500117245007400132260007200206300002100278490005300299500002100352504007300373504005500446505062800501600004101129650003501170650002901205650003101234650003101265650003401296650003101330700004001361830006001401910003701461942001401498952011301512999001701625000041671DO-SdBNP20240523175921.0131015s1999 sp 000 0 spa d a8481642940 aDO-SdBNPbspacBNPHU a181bF488o00aFilosofías no occidentales /cedición de Miguel Cruz Hernández. aMadrid :bConsejo Superior de Investigaciones Científicas,c1999. a467 p. ;c24 cm.1 aEnciclopedia Iberoaméricana de Filosofíav19 aIncluye índice aIncluye referencias bibliográficas y notas al pie de las páginas aIncluye bibliografía al final de los capítulos0 aEl saber que busca el hombre / Miguel Cruz Hernández -- La filosofía china -- Filosofía de la India I. Vedismo, brahmanismo, hinduismo / Fernando Tola -- El pensamiento iranio / Carmen Dragonetti -- El pensamiento islámico oriental en la Edad Media / Rafael Ramón Guerero -- El pensamiento islámico occidental / Joaquín Lomba -- Averroes / Joseph Puig Montada -- El pensamiento islámico moderno y contemporáneo / Miguel Cruz Hernández -- La filosofía judía / Carlos del Valle -- Maimónides / -- Miguel Cruz Hernández -- El nuevo pensamiento o el renacimiento judío en el siglo XX / Reyes Mate.14aMAIMONIDES, MOSES,d1135-1204968465 0a Filosofía asiática941706 4aFilosofía china952987 4aFilosofía hindú948510 4aFilosofía árabe968466 4aFilosofía islámica968467 4aFilosofía judía96846812aCruz Hernández, Migueleed.97734 0aEnciclopedia Iberoaméricana de Filosofíav19915735 aValidado. Control de calidad MFF 2ddccLBS1 001050718MOaGRbGRcHDd2013-10-15iLF1l0o181 F488op41671-10r2020-06-25w2020-06-25y1ZNo se presta c41161d41161